| 000 | 00643nam a2200109Ia 4500 | ||
|---|---|---|---|
| 008 | 171212s9999 xx 000 0 und d | ||
| 100 | _aStein, Bradley D.;Sontag-Padilla, Lisa M.;Osilla, Karen Chan;Woodbridge, Michelle;Kase, Courtney Ann | ||
| 245 |
_cStein, Bradley D.;Sontag-Padilla, Lisa M.;Osilla, Karen Chan;Woodbridge, Michelle;Kase, Courtney Ann _aInterventions to Improve Student Mental Health _bA Literature Review to Guide Evaluation of California's Mental Health Prevention and Early Intervention Initiative |
||
| 260 |
_bRAND Corporation _c2012 |
||
| 650 | _aHealth Sciences | ||
| 856 | _uhttp://www.jstor.org/stable/10.7249/j.ctt5hhtng | ||
| 999 |
_c352236 _d352236 |
||